[Event "14th Poti Open-A 2019"]
[Site "Poti"]
[Date "2019.07.15"]
[Round "3.23"]
[White "Kukhilava, Gubaz"]
[Black "Liponava, Zurab"]
[Result "1-0"]
[WhiteElo "1558"]
[BlackElo "1793"]
[Annotator "NA RC"]
[PlyCount "82"]
[EventDate "2019.07.13"]
[EventType "swiss"]
[EventCountry "GEO"]
[SourceTitle "playchess.com"]
[Source "ChessBase"]
[SourceQuality "1"]
[TimeControl "40/5400+30:1800+30"]

1. e4 {[%emt 0:00:00]} c5 {[%emt 0:00:00]} 2. Nf3 {[%emt 0:00:00]} e6 {[%emt 0:00:00]} 3. c4 {[%emt 0:00:02]} Nc6 {[%emt 0:00:28]} 4. Nc3 {[%emt 0:00:05]} d6 {[%emt 0:00:46]} 5. d4 {[%emt 0:02:51]} cxd4 {[%emt 0:00:27]} 6. Nxd4 {[%emt 0:00:02]} Nf6 {[%emt 0:00:19]} 7. Be2 {[%emt 0:00:07]} Be7 {[%emt 0:00:36]} 8. O-O {[%emt 0:00:03]} O-O {[%emt 0:01:35]} 9. Be3 {[%emt 0:00:06]} d5 {[%emt 0:01:01]} 10. cxd5 {[%emt 0:09:11]} exd5 {[%emt 0:00:08]} 11. exd5 {[%emt 0:01:46]} Nb4 {[%emt 0:00:26]} 12. Ndb5 {[%emt 0:06:33]} Nfxd5 {[%emt 0:08:49]} 13. Nxd5 {[%emt 0:13:51]} Nxd5 {[%emt 0:04:24]} 14. Bxa7 {[%emt 0:00:46]} Nf4 15. Bc4 {[%emt 0:16:35]} Bd7 {[%emt 0:16:49]} 16. Be3 {[%emt 0:02:44]} Ng6 {[%emt 0:02:39]} 17. Nc3 {[%emt 0:11:15]} Ne5 {[%emt 0:04:59]} 18. Bb3 {[%emt 0:03:26]} Ra6 {[%emt 0:03:27]} 19. Qe2 {[%emt 0:03:17]} Bd6 {[%emt 0:06:30]} 20. Rfd1 {[%emt 0:00:29]} Qh4 {[%emt 0:01:48]} 21. g3 {[%emt 0:06:33]} Qh3 {[%emt 0:01:00]} 22. f3 {[%emt 0:00:01]} Bb8 {[%emt 0:11:11]} 23. Ne4 {[%emt 0:04:23]} Qh5 {[%emt 0:04:02]} 24. Kg2 {[%emt 0:07:25]} Bh3+ {[%emt 0:07:12]} 25. Kf2 {[%emt 0:00:01]} Bf5 {[%emt 0:01:50]} 26. Rh1 {[%emt 0:03:22]} Bxe4 {[%emt 0:04:37]} 27. fxe4 {[%emt 0:00:03]} Rf6+ {[%emt 0:04:31]} 28. Bf4 {[%emt 0:00:39]} Ng4+ {[%emt 0:02:51]} 29. Kg2 {[%emt 0:00:52]} Bxf4 {[%emt 0:00:40]} 30. gxf4 {[%emt 0:00:01]} Rxf4 {[%emt 0:01:09]} 31. Raf1 {[%emt 0:00:02]} Ne3+ {[%emt 0:02:03]} 32. Qxe3 {[%emt 0:00:47]} Qg5+ {[%emt 0:00:07]} 33. Qg3 {[%emt 0:00:02]} Rg4 {[%emt 0:00:01]} 34. Rf5 {[%emt 0:00:53]} Rxg3+ {[%emt 0:01:24]} 35. hxg3 {[%emt 0:00:03]} Qd2+ {[%emt 0:00:17]} 36. Rf2 {[%emt 0:00:01]} Qd7 {[%emt 0:01:40]} 37. Rhf1 {[%emt 0:00:27]} Qe7 {[%emt 0:02:36]} 38. Bd5 {[%emt 0:01:13]} b5 {[%emt 0:02:08]} 39. Rxf7 {[%emt 0:02:15]} Rxf7 {[%emt 0:00:40]} 40. Rxf7 {[%emt 0:00:00]} Qb4 {[%emt 0:02:41]} 41. a3 {[%emt 0:29:53]} Kh8 1-0

[Event "14th Poti Open-A 2019"]
[Site "Poti"]
[Date "2019.07.15"]
[Round "3.24"]
[White "Chanturia, Lasha"]
[Black "Karamov, Anil"]
[Result "1-0"]
[WhiteElo "1742"]
[BlackElo "1559"]
[Annotator "NA RC"]
[PlyCount "75"]
[EventDate "2019.07.13"]
[EventType "swiss"]
[EventCountry "GEO"]
[SourceTitle "playchess.com"]
[Source "ChessBase"]
[SourceQuality "1"]
[TimeControl "40/5400+30:1800+30"]

1. e4 {[%emt 0:00:00]} c6 {[%emt 0:00:00]} 2. d4 {[%emt 0:00:26]} d5 {[%emt 0:00:07]} 3. exd5 {[%emt 0:00:15]} cxd5 {[%emt 0:00:21]} 4. Nf3 {[%emt 0:00:20]} Nc6 {[%emt 0:01:13]} 5. Bb5 {[%emt 0:02:02]} Nf6 {[%emt 0:04:40]} 6. O-O {[%emt 0:00:14]} Bg4 {[%emt 0:01:38]} 7. Qd3 {[%emt 0:05:17]} Bxf3 {[%emt 0:04:30]} 8. Qxf3 {[%emt 0:00:07]} e6 {[%emt 0:00:31]} 9. c3 {[%emt 0:04:32]} Be7 {[%emt 0:01:48]} 10. Nd2 {[%emt 0:01:18]} O-O {[%emt 0:00:41]} 11. Qh3 {[%emt 0:00:30]} a6 {[%emt 0:04:39]} 12. Bd3 {[%emt 0:00:18]} b5 {[%emt 0:04:10]} 13. Re1 {[%emt 0:01:57]} Qc7 {[%emt 0:09:22]} 14. Nf3 {[%emt 0:00:13]} Rfd8 15. Ne5 {[%emt 0:06:04]} g6 {[%emt 0:14:09]} 16. Bh6 {[%emt 0:07:46]} Nxe5 {[%emt 0:07:24]} 17. Rxe5 {[%emt 0:04:42]} Bd6 {[%emt 0:07:15]} 18. Re2 {[%emt 0:05:02]} Bf4 {[%emt 0:04:10]} 19. g3 {[%emt 0:03:46]} Bxh6 {[%emt 0:00:46]} 20. Qxh6 {[%emt 0:00:16]} Qe7 {[%emt 0:03:13]} 21. Qg5 {[%emt 0:02:46]} Kg7 {[%emt 0:01:16]} 22. Qd2 {[%emt 0:02:16]} Rdb8 {[%emt 0:01:27]} 23. a3 {[%emt 0:02:28]} Nd7 {[%emt 0:02:20]} 24. h4 {[%emt 0:00:54]} h5 {[%emt 0:00:57]} 25. Rae1 {[%emt 0:01:32]} Nb6 {[%emt 0:05:32]} 26. Qc2 {[%emt 0:03:14]} Re8 {[%emt 0:02:30]} 27. Re5 {[%emt 0:01:55]} Rad8 {[%emt 0:03:57]} 28. f4 {[%emt 0:05:30]} Qd7 {[%emt 0:02:20]} 29. Rg5 {[%emt 0:08:07]} Kf8 {[%emt 0:05:27]} 30. Bxg6 {[%emt 0:03:15]} fxg6 {[%emt 0:00:29]} 31. Qxg6 {[%emt 0:00:07]} Ke7 {[%emt 0:01:41]} 32. f5 {[%emt 0:09:36]} Kd6 {[%emt 0:01:19]} 33. fxe6 {[%emt 0:00:28]} Rxe6 {[%emt 0:00:30]} 34. Rxe6+ {[%emt 0:00:11]} Qxe6 {[%emt 0:00:08]} 35. Qxe6+ {[%emt 0:00:07]} Kxe6 {[%emt 0:00:02]} 36. Rg6+ {[%emt 0:00:10]} Kf5 {[%emt 0:01:15]} 37. Rxb6 {[%emt 0:00:50]} Re8 {[%emt 0:00:03]} 38. Kf2 {[%emt 0:00:26]} 1-0

[Event "14th Poti Open-A 2019"]
[Site "Poti"]
[Date "2019.07.15"]
[Round "3.25"]
[White "Lezhava, Beso"]
[Black "Farzaliev, Elnur"]
[Result "1/2-1/2"]
[WhiteElo "1391"]
[BlackElo "1327"]
[Annotator "NA RC"]
[PlyCount "66"]
[EventDate "2019.07.13"]
[EventType "swiss"]
[EventCountry "GEO"]
[SourceTitle "playchess.com"]
[Source "ChessBase"]
[SourceQuality "1"]
[TimeControl "40/5400+30:1800+30"]

1. d4 {[%emt 0:02:45]} Nf6 {[%emt 0:00:15]} 2. Nf3 {[%emt 0:00:08]} d5 {[%emt 0:00:16]} 3. c4 {[%emt 0:00:05]} e6 {[%emt 0:00:09]} 4. Nc3 {[%emt 0:00:07]} Bb4 {[%emt 0:01:27]} 5. e3 {[%emt 0:02:51]} O-O {[%emt 0:02:10]} 6. Bd3 {[%emt 0:00:25]} dxc4 {[%emt 0:01:08]} 7. Bxc4 {[%emt 0:00:09]} b6 {[%emt 0:02:05]} 8. O-O {[%emt 0:00:59]} Bb7 {[%emt 0:01:34]} 9. Qe2 {[%emt 0:01:16]} Nbd7 {[%emt 0:09:58]} 10. a3 {[%emt 0:00:53]} Bxc3 {[%emt 0:00:24]} 11. bxc3 {[%emt 0:00:03]} c5 {[%emt 0:02:55]} 12. Rd1 {[%emt 0:01:36]} Qc7 {[%emt 0:00:45]} 13. Bd3 {[%emt 0:01:00]} Ne4 {[%emt 0:21:05]} 14. Bb2 Rac8 {[%emt 0:06:43]} 15. Nd2 {[%emt 0:07:38]} Ndf6 {[%emt 0:07:03]} 16. f3 {[%emt 0:01:24]} Nxd2 {[%emt 0:10:28]} 17. Rxd2 {[%emt 0:00:16]} e5 {[%emt 0:03:10]} 18. dxe5 {[%emt 0:11:38]} Qxe5 {[%emt 0:00:29]} 19. c4 {[%emt 0:00:14]} Qe7 {[%emt 0:01:20]} 20. Rad1 {[%emt 0:00:31]} Rfe8 {[%emt 0:02:20]} 21. Bf5 {[%emt 0:02:26]} Rcd8 {[%emt 0:01:28]} 22. Rxd8 {[%emt 0:02:34]} Rxd8 {[%emt 0:00:07]} 23. Rxd8+ {[%emt 0:00:26]} Qxd8 {[%emt 0:00:02]} 24. Qd3 {[%emt 0:00:55]} Qxd3 {[%emt 0:00:12]} 25. Bxd3 {[%emt 0:00:03]} Nd7 {[%emt 0:03:59]} 26. Kf2 {[%emt 0:00:55]} g6 {[%emt 0:01:17]} 27. e4 {[%emt 0:01:33]} Kf8 {[%emt 0:00:55]} 28. Ke3 {[%emt 0:00:13]} Ke7 {[%emt 0:00:24]} 29. f4 {[%emt 0:00:27]} a6 {[%emt 0:06:37]} 30. g4 {[%emt 0:00:55]} Bc6 {[%emt 0:03:05]} 31. g5 {[%emt 0:02:19]} b5 {[%emt 0:01:18]} 32. f5 {[%emt 0:02:08]} Nb6 {[%emt 0:04:50]} 33. cxb5 {[%emt 0:15:13]} axb5 {[%emt 0:00:19]} 1/2-1/2

[Event "14th Poti Open-A 2019"]
[Site "Poti"]
[Date "2019.07.15"]
[Round "3.26"]
[White "Dvalishvili, Akaki"]
[Black "Apkhazava, Mikheil"]
[Result "1-0"]
[WhiteElo "1371"]
[BlackElo "1310"]
[Annotator "NA RC"]
[PlyCount "53"]
[EventDate "2019.07.13"]
[EventType "swiss"]
[EventCountry "GEO"]
[SourceTitle "playchess.com"]
[Source "ChessBase"]
[SourceQuality "1"]
[TimeControl "40/5400+30:1800+30"]

1. Nf3 d5 2. d4 e6 3. c4 c6 4. e3 f5 5. Ne5 Nf6 6. cxd5 exd5 7. Be2 Bd6 8. O-O O-O 9. Nd2 Ne4 10. f3 Nxd2 11. Qxd2 Nd7 12. f4 Nf6 13. Bf3 Ne4 14. Bxe4 fxe4 15. b3 Be6 16. Bb2 Qe8 17. Qe2 Qe7 18. Rf2 Bxe5 19. dxe5 b6 20. g4 g6 21. Raf1 Qd7 22. f5 gxf5 23. gxf5 Rxf5 24. Qg4+ Kh8 25. Qxf5 Bxf5 26. e6+ Qg7+ 27. Bxg7+ 1-0

[Event "14th Poti Open-A 2019"]
[Site "Poti"]
[Date "2019.07.16"]
[Round "5.2"]
[White "Urazayev, Arystanbek"]
[Black "Sanikidze, Tornike"]
[Result "1/2-1/2"]
[WhiteElo "2436"]
[BlackElo "2509"]
[Annotator "TA"]
[PlyCount "88"]
[EventDate "2019.07.13"]
[EventType "swiss"]
[EventCountry "GEO"]
[SourceTitle "playchess.com"]
[Source "ChessBase"]
[SourceQuality "1"]

{[%evp 9,88,28,32,32,35,28,42,30,31,31,25,19,36,42,31,0,0,0,0,0,0,0,18,38,30,25,28,14,70,27,40,0,0,0,0,0,0,0,99,89,81,66,56,67,64,68,70,68,64,20,50,43,66,52,35,14,24,8,18,2,18,-12,-8,-35,-25,-35,-25,-66,0,0,0,0,0,0,0,0,0,0,0,0,0]} 1. e4 e5 2. Nf3 Nc6 3. Bb5 a6 4. Ba4 Nge7 5. c3 g6 6. d4 {C70: Ruy Lopez: 3...a6 4 Ba4, Norwegian and Delayed Schliemann} exd4 7. cxd4 b5 8. Bb3 {White is slightly better.} Bg7 9. d5 (9. O-O d6 10. d5 Na5 11. Bc2 c5 12. Nc3 O-O 13. h3 {1-0 (86) Nakamura,H (2761)-Nepomniachtchi,I (2773) Abidjan 2019}) 9... Na5 $1 10. Bd2 c5 (10... Bxb2 11. Bxa5 Bxa1 12. Nc3 $16) 11. d6 Nec6 12. Bg5 f6 13. Be3 c4 14. Bc2 Nb4 15. Nc3 Nxc2+ 16. Qxc2 {Strongly threatening Nd5.} Bb7 17. h4 $146 ({Predecessor:} 17. O-O O-O {½-½ (17) Bokros,A (2439)-Michalik,P (2579) Banska Stiavnica 2013}) 17... O-O 18. h5 f5 (18... b4 $11 19. Na4 f5) 19. hxg6 $14 hxg6 20. Qd1 fxe4 21. Ng5 Rf5 22. Qg4 $1 Qf6 $1 23. Rd1 $36 {[%mdl 2048] White has the initiative.} b4 (23... Re8 $11 {remains equal.}) 24. Ncxe4 $16 Qe5 ({Don't play} 24... Qxb2 $6 25. Qh4 $11) 25. O-O {Threatens to win with Ng3.} Bxe4 $1 (25... Qxb2 $2 26. Ng3 $16) 26. Nxe4 Re8 $1 ({Don't blunder} 26... Rh5 $2 27. Ng3 $18) 27. Ng3 Rf7 $1 28. Qxg6 Nc6 $1 29. Rfe1 Qe6 30. Qg5 {[#] Black must now prevent Bd2.} Qf6 {next ...Qxg5 is good for Black.} 31. Qxf6 Bxf6 32. Re2 c3 33. bxc3 bxc3 34. Bc5 Rb8 35. Ne4 {Rc2 is the strong threat.} Bg7 36. Rc2 Rf4 37. f3 Rb2 38. Rdc1 Nd4 (38... Bd4+ $15 39. Kh2 Rh4+ 40. Kg3 {[#]} Rxe4 $1 {[%mdl 576] Remove Defender} 41. fxe4 Bxc5 42. Rxc3 Bxd6+ 43. Kh3 Rd2) 39. Bxd4 $1 $11 {The position is equal.} Bxd4+ 40. Kf1 Rf5 41. Ke2 ({Of course not} 41. Nxc3 Rxc2 42. Rxc2 Rc5 $17) 41... Rd5 42. f4 Bg7 43. Ke3 Bd4+ 44. Ke2 Bg7 {Accuracy: White = 57%, Black = 78%.} 1/2-1/2

[Event "14th Poti Open-A 2019"]
[Site "Poti"]
[Date "2019.07.16"]
[Round "5.3"]
[White "Chkhaidze, Nikoloz"]
[Black "Gabuzyan, Hovhannes"]
[Result "0-1"]
[WhiteElo "2330"]
[BlackElo "2622"]
[Annotator "TA"]
[PlyCount "68"]
[EventDate "2019.07.13"]
[EventType "swiss"]
[EventCountry "GEO"]
[SourceTitle "playchess.com"]
[Source "ChessBase"]
[SourceQuality "1"]

{[%evp 10,84,39,29,58,46,63,25,20,20,18,27,29,37,18,22,24,25,23,22,52,-17,17,-29,-13,-16,-16,-56,-23,-43,-42,-77,-89,-116,-59,-45,-40,-87,-54,-47,-47,-150,-147,-141,-123,-166,-166,-160,-102,-114,-82,-152,-156,-214,-211,-220,-215,-211,-211,-209,-202,-184,-140,-322,-319,-397,-397,-395,-394,-390,-386,-599,-592,-572,-554,-785,-743]} 1. d4 Nf6 2. c4 g6 3. Nc3 Bg7 4. e4 d6 5. Nf3 O-O 6. h3 Nfd7 {E90: King's Indian: Classical: Early deviations and 6 h3} (6... c5 7. d5 e6 8. Bd3 a6 9. a4 Nbd7 10. O-O e5 11. Bg5 h6 12. Be3 Nh7 13. Qd2 f5 14. Bxh6 f4 15. Bxg7 Kxg7 16. Nh2 Ndf6 17. Be2 Rh8 18. f3 Ng5 19. Ng4 Nxh3+ 20. gxh3 Rxh3 21. Rf2 Nxg4 22. fxg4 Qh4 {0-1 (22) Giri,A (2782)-Aronian,L (2767) chess.com INT 2018}) 7. Bg5 h6 8. Bh4 Nc6 $146 {White has an edge.} ({Predecessor:} 8... g5 9. Bg3 Nc6 10. Be2 e5 11. d5 Nd4 12. Nxd4 exd4 13. Nb5 Nc5 14. Bd3 {0-1 (56) Huwaidi,F (1544)-Ott Wegener,H Cagliari 2018}) 9. Qd2 g5 10. Bg3 e5 11. dxe5 Ndxe5 12. Nxe5 Nxe5 13. Be2 Be6 14. Nd5 Bxd5 15. exd5 (15. cxd5 $14 Nd7 16. Qc2) 15... f5 16. f4 Ng6 17. O-O Qf6 18. Rab1 Rae8 19. Kh1 gxf4 20. Bh2 Qg5 21. Rf2 Be5 ({Black should play} 21... Re4 $17 22. Bd3 Bd4) 22. Rbf1 $15 Re7 23. b3 Rfe8 24. Qd1 Bc3 25. Bd3 (25. c5 $1 $15) 25... Re1 $36 {[%mdl 2048] Black is on the roll.} 26. Qc2 Bd4 27. Rxe1 Rxe1+ 28. Rf1 Rxf1+ (28... Qh4 $142 {Threatens to win with ...Ne5.} 29. Qd2 Rxf1+ 30. Bxf1 Be3) 29. Bxf1 Ne5 30. Qd1 (30. c5 $142) 30... Be3 31. Bd3 (31. Be2 $17) 31... Nxd3 $19 32. Qxd3 Qf6 {[#] ( -> ...Qa1+)} 33. Qf1 Qd4 34. Bg1 Kg7 {Played: Qd4-e4} 0-1

[Event "14th Poti Open-A 2019"]
[Site "Poti"]
[Date "2019.07.16"]
[Round "5.4"]
[White "Maghalashvili, Davit"]
[Black "Tutisani, Noe"]
[Result "1/2-1/2"]
[WhiteElo "2485"]
[BlackElo "2460"]
[Annotator "TA"]
[PlyCount "50"]
[EventDate "2019.07.13"]
[EventType "swiss"]
[EventCountry "GEO"]
[SourceTitle "playchess.com"]
[Source "ChessBase"]
[SourceQuality "1"]

{[%evp 15,50,47,50,16,32,27,19,19,22,0,14,20,12,16,9,21,19,13,18,9,4,-6,0,-38,10,0,0,9,17,0,0,0,0,0,0,0,7]} 1. Nf3 Nf6 2. g3 g6 3. Bg2 Bg7 4. c4 d6 5. d4 O-O 6. O-O Nc6 7. Nc3 e5 8. d5 Nb8 {[%cal Bc6b8,Bb8d7,Bd7b6,Bb6c4][%mdl 32]} 9. Ne1 {E62: King's Indian: Fianchetto: 6...c6 and Panno Variation (6...Nc6) without ...a6} (9. e4 a5 10. Ne1 Na6 11. Bg5 h6 12. Be3 Ng4 13. Bd2 f5 14. Nd3 b6 15. f3 Nf6 16. Be3 Nc5 17. Nxc5 bxc5 {0-1 (26) Ivanchuk,V (2714)-Amin,B (2709) Zagreb 2018}) 9... a5 10. a3 Nbd7 11. Nd3 Nb6 12. Qc2 Nxc4 $146 ({Predecessor:} 12... Nfd7 13. Nb5 Nc5 14. Nxc5 dxc5 15. Be3 Bf5 16. Qc1 Qe7 {½-½ (42) Magalashvili,D (2512)-Guseynov,A (2333) Istanbul 2017}) 13. Nb5 {[#]} c6 $1 {[%mdl 512]} 14. dxc6 bxc6 15. Bxc6 Ra6 $1 {[%cal Ra6c6]} 16. Qxc4 {Black must now prevent Nc3.} Be6 17. Qc3 {[#] aiming for Bg2.} Qb6 18. Bd2 Rc8 19. Rac1 e4 (19... Qb8 $5 {[%cal Rc8c6]} 20. a4 Bh3 $15) 20. Be3 {The position is equal.} Qxc6 21. Qxc6 Raxc6 22. Rxc6 Rxc6 23. Nf4 Ne8 24. Nd4 Bxd4 25. Bxd4 Bb3 {Accuracy: White = 29%, Black = 64%.} 1/2-1/2

[Event "14th Poti Open-A 2019"]
[Site "Poti"]
[Date "2019.07.16"]
[Round "5.5"]
[White "Arabidze, Meri"]
[Black "Babujian, Levon"]
[Result "*"]
[WhiteElo "2402"]
[BlackElo "2469"]
[Annotator "TA"]
[PlyCount "39"]
[EventDate "2019.07.13"]
[EventType "swiss"]
[EventCountry "GEO"]
[SourceTitle "playchess.com"]
[Source "ChessBase"]
[SourceQuality "1"]

{[%evp 20,30,60,60,67,56,64,39,57,37,42,12,22]} 1. d4 d5 2. c4 e6 3. Nc3 Nf6 4. Nf3 Bb4 5. Bg5 Nbd7 6. cxd5 exd5 7. e3 c5 8. Be2 Qa5 9. O-O c4 10. Qc2 O-O 11. Nd2 Re8 {D38: Queen's Gambit Declined: Ragozin Defence (4 Nf3 Bb4)} 12. Bf3 Bxc3 13. bxc3 (13. Qxc3 Qxc3 14. bxc3 h6 15. Bh4 Nb6 16. Bxf6 gxf6 17. a4 a5 18. Rfb1 Ra6 19. Nf1 {½-½ (38) Buhmann,R (2640)-Murshed,N (2439) Baku 2016}) 13... Ne4 14. Bxe4 dxe4 15. Bh4 ({Don't play} 15. Nxe4 Rxe4 16. Qxe4 Qxg5 $15) 15... Nb6 {Predecessor:} 16. Bg3 $146 Bd7 17. Bd6 Nd5 18. Rfc1 Bg4 19. Qb2 Qa6 20. Be5 {0-1 (38) Johansen,D (2456)-Smerdon,D (2453) Canberra 2007} *

[Event "14th Poti Open-A 2019"]
[Site "Poti"]
[Date "2019.07.16"]
[Round "5.5"]
[White "Arabidze, Meri"]
[Black "Babujian, Levon"]
[Result "0-1"]
[WhiteElo "2402"]
[BlackElo "2469"]
[Annotator "RC"]
[PlyCount "132"]
[EventDate "2019.07.13"]
[EventType "swiss"]
[EventCountry "GEO"]
[SourceTitle "playchess.com"]
[Source "ChessBase"]
[SourceQuality "1"]
[TimeControl "40/5400+30:1800+30"]

1. d4 {[%emt 0:00:00]} d5 {[%emt 0:00:00]} 2. c4 {[%emt 0:00:00]} e6 {[%emt 0:00:00]} 3. Nc3 {[%emt 0:00:00]} Nf6 {[%emt 0:00:00]} 4. Nf3 {[%emt 0:00:35]} Bb4 {[%emt 0:00:00]} 5. Bg5 {[%emt 0:00:17]} Nbd7 {[%emt 0:01:28]} 6. cxd5 {[%emt 0:00:18]} exd5 {[%emt 0:00:06]} 7. e3 {[%emt 0:00:10]} c5 {[%emt 0:00:40]} 8. Be2 {[%emt 0:00:33]} Qa5 {[%emt 0:00:46]} 9. O-O {[%emt 0:01:23]} c4 {[%emt 0:00:11]} 10. Qc2 {[%emt 0:01:02]} O-O {[%emt 0:03:25]} 11. Nd2 {[%emt 0:04:59]} Re8 {[%emt 0:00:48]} 12. Bf3 {[%emt 0:07:33]} Bxc3 {[%emt 0:01:15]} 13. bxc3 {[%emt 0:00:44]} Ne4 {[%emt 0:02:10]} 14. Bxe4 {[%emt 0:08:04]} dxe4 {[%emt 0:00:44]} 15. Bh4 {[%emt 0:00:08]} Nb6 {[%emt 0:01:35]} 16. f3 {[%emt 0:19:30]} exf3 17. Rxf3 {[%emt 0:00:43]} Qh5 {[%emt 0:02:28]} 18. Bf2 {[%emt 0:01:55]} Bg4 {[%emt 0:00:18]} 19. Rg3 {[%emt 0:06:26]} Be2 {[%emt 0:01:22]} 20. e4 {[%emt 0:01:13]} f5 {[%emt 0:03:09]} 21. e5 {[%emt 0:10:40]} Rac8 {[%emt 0:02:20]} 22. Qb2 {[%emt 0:04:59]} Bd3 {[%emt 0:04:54]} 23. Nb3 {[%emt 0:03:15]} Na4 {[%emt 0:05:47]} 24. Qd2 {[%emt 0:00:28]} Be4 {[%emt 0:01:02]} 25. Nc5 {[%emt 0:04:32]} Nxc5 {[%emt 0:00:40]} 26. dxc5 {[%emt 0:00:03]} Rcd8 {[%emt 0:01:04]} 27. Bd4 {[%emt 0:00:09]} Re6 {[%emt 0:00:31]} 28. Re1 {[%emt 0:02:27]} h6 {[%emt 0:00:31]} 29. Qf4 {[%emt 0:05:15]} Rf8 {[%emt 0:00:32]} 30. a4 {[%emt 0:03:21]} a5 {[%emt 0:00:44]} 31. Qf1 {[%emt 0:02:35]} Bd5 {[%emt 0:01:21]} 32. Qf4 {[%emt 0:01:18]} Kh7 {[%emt 0:01:17]} 33. h4 {[%emt 0:00:52]} Qe8 {[%emt 0:00:24]} 34. Ra1 {[%emt 0:01:39]} Rf7 {[%emt 0:00:51]} 35. Ra2 {[%emt 0:00:53]} Bc6 {[%emt 0:00:12]} 36. h5 {[%emt 0:03:26]} Rf8 {[%emt 0:01:08]} 37. Rh3 {[%emt 0:00:37]} Bxa4 {[%emt 0:00:27]} 38. Qf1 {[%emt 0:01:00]} f4 {[%emt 0:03:24]} 39. Qa1 {[%emt 0:05:38]} Bc6 {[%emt 0:00:17]} 40. Qb1+ {[%emt 0:00:00]} Kh8 {[%emt 0:00:00]} 41. Rxa5 {[%emt 0:01:21]} Qd8 {[%emt 0:01:34]} 42. Ra2 {[%emt 0:04:50]} Qg5 {[%emt 0:02:26]} 43. Qc1 {[%emt 0:03:52]} Qg4 {[%emt 0:01:18]} 44. Qf1 {[%emt 0:03:11]} Bd5 {[%emt 0:02:22]} 45. Kh2 {[%emt 0:01:55]} Rf5 {[%emt 0:01:30]} 46. Rf2 {[%emt 0:05:58]} Re8 {[%emt 0:03:18]} 47. Qe2 {[%emt 0:04:04]} Qg5 {[%emt 0:00:39]} 48. Qf1 {[%emt 0:00:31]} Ref8 {[%emt 0:01:21]} 49. Qe1 {[%emt 0:03:04]} Be6 {[%emt 0:00:32]} 50. Kh1 {[%emt 0:03:16]} Ra8 {[%emt 0:01:15]} 51. Qc1 {[%emt 0:02:46]} Rf7 {[%emt 0:02:41]} 52. Rhf3 {[%emt 0:00:23]} Raf8 {[%emt 0:01:59]} 53. Kg1 {[%emt 0:00:35]} Bg4 {[%emt 0:00:49]} 54. e6 {[%emt 0:00:28]} Bxe6 {[%emt 0:00:04]} 55. Re2 {[%emt 0:00:38]} Bg4 {[%emt 0:02:57]} 56. Re5 {[%emt 0:00:04]} Rf5 {[%emt 0:00:19]} 57. Rxf5 {[%emt 0:00:58]} Qxf5 {[%emt 0:00:23]} 58. Rf2 {[%emt 0:00:28]} Bxh5 {[%emt 0:00:19]} 59. Qb2 {[%emt 0:01:24]} Rf7 {[%emt 0:01:10]} 60. Qb6 {[%emt 0:00:18]} Kh7 {[%emt 0:00:16]} 61. c6 {[%emt 0:00:35]} bxc6 {[%emt 0:00:46]} 62. Qxc6 {[%emt 0:00:04]} Re7 {[%emt 0:03:56]} 63. Rf1 {[%emt 0:01:05]} f3 {[%emt 0:00:37]} 64. gxf3 {[%emt 0:00:57]} Re6 {[%emt 0:00:35]} 65. Qb7 {[%emt 0:00:32]} Qg5+ {[%emt 0:00:10]} 66. Kf2 {[%emt 0:00:28]} Qh4+ {[%emt 0:00:07]} 0-1

[Event "14th Poti Open-A 2019"]
[Site "Poti"]
[Date "2019.07.16"]
[Round "5.6"]
[White "Nigalidze, Gaioz"]
[Black "Botoyan, Smbat"]
[Result "*"]
[WhiteElo "2563"]
[BlackElo "2240"]
[Annotator "TA"]
[PlyCount "42"]
[EventDate "2019.07.13"]
[EventType "swiss"]
[EventCountry "GEO"]
[SourceTitle "playchess.com"]
[Source "ChessBase"]
[SourceQuality "1"]

{[%evp 23,24,38,33]} 1. d4 d5 2. c4 e6 3. Nc3 c5 4. e3 Nf6 5. Nf3 Nc6 6. a3 a6 7. Be2 Bd6 8. cxd5 exd5 9. dxc5 Bxc5 10. b4 Bd6 11. O-O O-O 12. Bb2 Re8 {Predecessor:} 13. Rc1 $146 Bg4 14. h3 Bh5 15. Nd4 Bxe2 16. Ncxe2 Ne5 17. Nf5 Bf8 18. Qd4 g6 19. Nfg3 Bg7 20. Ba1 Qd7 21. Kh1 Nc4 {0-1 (51) Wozny,T (1758)-Kozak,A (1932) Czudec 2016} *

[Event "14th Poti Open-A 2019"]
[Site "Poti"]
[Date "2019.07.16"]
[Round "5.6"]
[White "Nigalidze, Gaioz"]
[Black "Botoyan, Smbat"]
[Result "1-0"]
[WhiteElo "2563"]
[BlackElo "2240"]
[Annotator "RC"]
[PlyCount "75"]
[EventDate "2019.07.13"]
[EventType "swiss"]
[EventCountry "GEO"]
[SourceTitle "playchess.com"]
[Source "ChessBase"]
[SourceQuality "1"]
[TimeControl "40/5400+30:1800+30"]

1. d4 {[%emt 0:00:00]} d5 {[%emt 0:04:57]} 2. c4 {[%emt 0:00:00]} e6 {[%emt 0:00:11]} 3. Nc3 {[%emt 0:00:00]} c5 {[%emt 0:00:08]} 4. e3 {[%emt 0:02:04]} Nf6 {[%emt 0:00:10]} 5. Nf3 {[%emt 0:00:03]} Nc6 {[%emt 0:00:54]} 6. a3 {[%emt 0:00:05]} a6 {[%emt 0:00:42]} 7. Be2 {[%emt 0:06:28]} Bd6 {[%emt 0:11:37]} 8. cxd5 {[%emt 0:13:49]} exd5 {[%emt 0:01:24]} 9. dxc5 {[%emt 0:00:07]} Bxc5 {[%emt 0:00:03]} 10. b4 {[%emt 0:00:56]} Bd6 {[%emt 0:05:47]} 11. O-O {[%emt 0:00:36]} O-O {[%emt 0:00:04]} 12. Bb2 {[%emt 0:01:08]} Re8 {[%emt 0:00:03]} 13. Qd3 {[%emt 0:15:21]} Ne5 {[%emt 0:25:49]} 14. Nxe5 {[%emt 0:01:38]} Bxe5 {[%emt 0:00:11]} 15. Na4 {[%emt 0:09:19]} Bd7 {[%emt 0:10:25]} 16. Bxe5 {[%emt 0:01:55]} Rxe5 {[%emt 0:00:13]} 17. Nc3 {[%emt 0:04:50]} Bc6 {[%emt 0:04:11]} 18. Rfd1 {[%emt 0:18:26]} Qe7 {[%emt 0:00:53]} 19. Bf3 {[%emt 0:01:25]} Ne4 {[%emt 0:01:14]} 20. Bxe4 {[%emt 0:04:21]} dxe4 {[%emt 0:00:06]} 21. Qd6 {[%emt 0:00:47]} Qxd6 {[%emt 0:03:00]} 22. Rxd6 {[%emt 0:00:07]} a5 {[%emt 0:00:08]} 23. Rb1 {[%emt 0:05:13]} axb4 {[%emt 0:05:03]} 24. axb4 {[%emt 0:00:01]} Kf8 {[%emt 0:03:11]} 25. Rd4 {[%emt 0:01:53]} Ra3 {[%emt 0:01:12]} 26. Rc4 {[%emt 0:00:15]} f5 {[%emt 0:04:45]} 27. h4 {[%emt 0:01:54]} Bb5 {[%emt 0:04:44]} 28. Nxb5 {[%emt 0:03:53]} Rxb5 {[%emt 0:00:04]} 29. Rd1 {[%emt 0:00:14]} Rd3 {[%emt 0:03:24]} 30. Rxd3 {[%emt 0:00:04]} exd3 {[%emt 0:00:02]} 31. Kf1 {[%emt 0:00:08]} d2 {[%emt 0:02:50]} 32. Ke2 {[%emt 0:00:08]} Rd5 {[%emt 0:01:10]} 33. Kd1 {[%emt 0:01:36]} b6 {[%emt 0:04:18]} 34. Rc2 {[%emt 0:04:25]} Rd3 {[%emt 0:01:01]} 35. Rxd2 {[%emt 0:00:41]} Rb3 {[%emt 0:00:06]} 36. Rd4 {[%emt 0:00:08]} Rb2 {[%emt 0:00:17]} 37. Rf4 {[%emt 0:00:55]} g6 {[%emt 0:01:41]} 38. g4 {[%emt 0:00:03]} 1-0